000 00714nam a2200229Ia 4500
001 15846
003 GE_BSU
008 181216s||||||||xx |||||||||||||| ||und||
040 _cGE_BSU
080 _a821.353.1-4
100 _aხარაზიშვილი, ს.
245 _aასი ხელის ჭირიმე
245 _bნარკვევები
245 _cრედ. მ. ვარდოსანიძე.
260 _aთბილისი
260 _bსაქ. კპ ცკ-ს გამ-ბა
260 _c1961
300 _a180გვ. ; 17სმ.
653 _aასი ხელის ჭირიმე
653 _aნარკვევები
942 _cBK
999 _c48943
_d48943